000 00565nam a2200229Ia 4500
003 OSt
005 20220924140254.0
006 a|||||r|||| 00| 0
007 ta
008 220923b |||||||| |||| 00| 0 ben d
024 _a294319
037 _cTextual
040 _aARTS
_cARTS
_bben
041 _2ben
_aben
082 _aO157,2M76,33, G4
100 _aChattopadhyay
_9176213
245 0 _aBijoya
260 _c1934
650 _aBENGALI LITERATURE
942 _hO157,2M76,33, G4
_cTEXL
_2CC
999 _c443538
_d443538